=LDR 00000nam 2200000 4500 =001 INLIS000000000016628 =005 20130612111909 =008 ***********************************Ind** =035 ##$$0010-061300000016628 =041 ##$$a Ind =082 ##$$a 2x4.12 =090 ##$$a 2x4.12, Muh t =100 ##$$a Muhsin, Sayyid Abu =245 ##$$a Tanya jawab seputar shalat lengkap dengan dalil, Sayyid Abu Muhsin =260 ##$$a 2003 $b Jakarta =300 ##$$a 203 hlm, 21 cm =650 ##$$a Shalat =850 ##$$a NBPNMAT